[Event "Nuremberg Zabo op 23rd"]
[Site "Nuremberg"]
[Date "2023.09.17"]
[Round "5"]
[White "Schloetterer, Hermann"]
[Black "Klinger, Klaus"]
[Result "0-1"]
[WhiteElo "1785"]
[BlackElo "1623"]
[PlyCount "102"]
[EventDate "2023.09.15"]
[EventType "swiss"]
[EventRounds "5"]
[EventCountry "GER"]
[SourceTitle "EXT 2024"]
[Source "ChessBase"]
[SourceDate "2023.10.10"]
[SourceVersion "1"]
[SourceVersionDate "2023.10.10"]
[SourceQuality "1"]

1. d4 d5 2. c4 c5 3. cxd5 Qxd5 4. Nf3 Bg4 5. Nc3 Qd6 6. Ne4 Qd5 7. Nxc5 Bxf3 8. exf3 e5 9. Bb5+ Nc6 10. Bxc6+ bxc6 11. Be3 Bxc5 12. dxc5 Qc4 13. Qd6 Qd5 14. Rd1 Qxd6 15. cxd6 Kd7 16. 0-0 Nf6 17. Rfe1 Nd5 18. Bc5 f6 19. g3 Rhe8 20. a3 a5 21. Kg2 Rab8 22. Rb1 Rb3 23. a4 g6 24. Rec1 h5 25. Rc2 Reb8 26. h4 Nc3 27. Rbc1 Nxa4 28. Ba3 R8b6 29. f4 Nxb2 30. fxe5 Rxa3 31. exf6 Nd3 32. f7 Rb8 33. Rb1 Nb4 34. Re2 Rf8 35. Re7+ Kxd6 36. Rbe1 Nd5 37. R1e6+ Kc5 38. Rb7 Ra2 39. Re8 Rxf7 40. Rxf7 a4 41. Rg7 Nf6 42. Rxg6 Nxe8 43. g4 hxg4 44. h5 Rd2 45. h6 Rd7 46. Rxg4 Kb5 47. Kg3 a3 48. Kh4 Nf6 49. Rg6 Nh7 50. f4 Rd8 51. f5 a2 0-1

[Event "Nuremberg Zabo op 23rd"]
[Site "Nuremberg"]
[Date "2023.09.16"]
[Round "2"]
[White "Link, Andreas"]
[Black "Schloetterer, Hermann"]
[Result "1-0"]
[WhiteElo "2064"]
[BlackElo "1785"]
[PlyCount "77"]
[EventDate "2023.09.15"]
[EventType "swiss"]
[EventRounds "5"]
[EventCountry "GER"]
[SourceTitle "EXT 2024"]
[Source "ChessBase"]
[SourceDate "2023.10.10"]
[SourceVersion "1"]
[SourceVersionDate "2023.10.10"]
[SourceQuality "1"]

1. c4 Nf6 2. Nc3 c5 3. Nf3 Nc6 4. d4 cxd4 5. Nxd4 e5 6. Nc2 d6 7. e4 Be7 8. Be2 0-0 9. 0-0 a6 10. Be3 Rb8 11. b4 b6 12. Rb1 Qd7 13. h3 h6 14. b5 Na5 15. Nd5 Bd8 16. Nxf6+ Bxf6 17. Nb4 axb5 18. cxb5 Bg5 19. Bxg5 hxg5 20. Qd2 Bb7 21. Bg4 Qd8 22. Rfe1 Bc8 23. Rbd1 Bxg4 24. hxg4 Qd7 25. Qxg5 Qxb5 26. Nd5 Rfd8 27. Re3 Nc6 28. Rc1 Rbc8 29. Rxc6 Qb1+ 30. Kh2 Kf8 31. Rh3 f6 32. Rh8+ Kf7 33. Qh5+ Ke6 34. Qf5+ Kf7 35. Rxc8 Rxh8+ 36. Rxh8 Qc1 37. Qd7+ Kg6 38. Rh5 Qd2 39. Qe8# 1-0

[Event "Nuremberg op"]
[Site "Nuremberg"]
[Date "2019.11.17"]
[Round "5"]
[White "Braun, Kristin"]
[Black "Schloetterer, Hermann"]
[Result "1/2-1/2"]
[WhiteElo "1952"]
[BlackElo "1810"]
[PlyCount "116"]
[EventDate "2019.11.15"]
[EventType "swiss"]
[EventRounds "5"]
[EventCountry "GER"]
[SourceTitle "CBM 193 Extra"]
[Source "ChessBase"]
[SourceDate "2020.01.31"]
[SourceVersion "1"]
[SourceVersionDate "2020.01.31"]
[SourceQuality "1"]

1. Nf3 d5 2. d4 Nf6 3. e3 c5 4. b3 g6 5. Bb2 Bg7 6. Bd3 0-0 7. 0-0 cxd4 8. exd4 Nc6 9. Nbd2 Nh5 10. c3 e5 11. dxe5 Nxe5 12. Nxe5 Bxe5 13. Nf3 Bg4 14. h3 Bxf3 15. Qxf3 Nf4 16. Rad1 Rc8 17. Bc4 Qf6 18. Bxd5 Bxc3 19. Ba3 Rfe8 20. Bxb7 Rcd8 21. Bc6 Rxd1 22. Rxd1 Rc8 23. Bb7 Re8 24. Kh1 Be5 25. Qc6 Qxc6 26. Bxc6 Rc8 27. Be4 Rc7 28. Bc1 Kg7 29. Be3 Ne6 30. g3 f5 31. Bd5 f4 32. Bxa7 Rxa7 33. Bxe6 Kf6 34. gxf4 Bxf4 35. Bc4 Rxa2 36. Kg1 Be5 37. Kg2 Rb2 38. Kf3 h5 39. Ke3 g5 40. Rd8 Bf4+ 41. Kf3 Ke5 42. Re8+ Kf6 43. h4 Kf5 44. Rf8+ Ke5 45. Rh8 g4+ 46. Kg2 g3 47. Re8+ Kf6 48. Re2 Rxe2 49. Bxe2 gxf2 50. Bxh5 Be3 51. Be2 Kf5 52. Kf3 Bc5 53. Bd3+ Kf6 54. Kg4 Kg7 55. Kg5 Bb4 56. h5 Bd2+ 57. Kg4 Kh6 58. Be2 Bb4 1/2-1/2

[Event "Nuremberg op"]
[Site "Nuremberg"]
[Date "2019.11.17"]
[Round "4"]
[White "Schloetterer, Hermann"]
[Black "Berg, Winfried"]
[Result "1-0"]
[WhiteElo "1810"]
[BlackElo "1572"]
[PlyCount "63"]
[EventDate "2019.11.15"]
[EventType "swiss"]
[EventRounds "5"]
[EventCountry "GER"]
[SourceTitle "CBM 193 Extra"]
[Source "ChessBase"]
[SourceDate "2020.01.31"]
[SourceVersion "1"]
[SourceVersionDate "2020.01.31"]
[SourceQuality "1"]

1. d4 d6 2. e4 Nf6 3. Nc3 e5 4. Nf3 Nbd7 5. h3 Be7 6. Be3 0-0 7. Bd3 a6 8. a4 b6 9. 0-0 Bb7 10. Qe2 c6 11. Rad1 Re8 12. Rfe1 Bf8 13. dxe5 dxe5 14. Bc4 h6 15. Nh4 Qc7 16. g4 Nc5 17. Qf3 Ne6 18. Nf5 Nf4 19. Bxf4 exf4 20. Qg2 b5 21. Bd3 g6 22. g5 Nh5 23. gxh6 Kh7 24. Qg5 Re5 25. Qg4 gxf5 26. Qxh5 fxe4 27. Bxe4+ Kh8 28. Rd7 Rxh5 29. Rxc7 Bc8 30. Bxc6 Bxh6 31. Bxa8 Rg5+ 32. Kh2 1-0

[Event "Mittelfranken-ch QT"]
[Site "Nuremberg"]
[Date "2019.04.18"]
[Round "4.4"]
[White "Schloetterer, Hermann"]
[Black "Diebel, Guenter"]
[Result "1/2-1/2"]
[WhiteElo "1788"]
[BlackElo "1854"]
[PlyCount "109"]
[EventDate "2019.04.17"]
[EventType "swiss"]
[EventRounds "7"]
[EventCountry "GER"]
[SourceTitle "EXT 2022"]
[Source "ChessBase"]
[SourceDate "2021.10.06"]
[SourceVersion "1"]
[SourceVersionDate "2021.10.06"]
[SourceQuality "1"]

1. d4 c6 2. g3 d5 3. Bg2 Nf6 4. Nf3 Bg4 5. Ne5 Nbd7 6. Nxg4 Nxg4 7. e4 Ngf6 8. e5 Ng8 9. 0-0 e6 10. Nd2 h5 11. Nf3 Be7 12. h4 Nh6 13. Bh3 Ng4 14. Bg5 f6 15. exf6 gxf6 16. Be3 Qc7 17. Bf4 e5 18. dxe5 fxe5 19. Bg5 e4 20. Nd4 Bxg5 21. Bxg4 hxg4 22. Ne6 Qe5 23. Nxg5 Nf6 24. c3 e3 25. Qe2 exf2+ 26. Qxf2 Ne4 27. Qf7+ Kd8 28. Nxe4 dxe4 29. Rad1+ Kc8 30. Qf5+ Qxf5 31. Rxf5 Kc7 32. Rf7+ Kb6 33. Rdd7 Rhd8 34. Rxb7+ Kc5 35. Rf5+ Kc4 36. Rf4 Kd3 37. Re7 Rab8 38. Rfxe4 Rxb2 39. Re3+ Kc2 40. Re2+ Rd2 41. Kf2 Kxc3 42. Rxd2 Rxd2+ 43. Ke3 Rxa2 44. Kf4 Ra4+ 45. Re4 Ra1 46. Kxg4 Kd3 47. Re7 c5 48. h5 c4 49. h6 c3 50. Kf3 Rh1 51. h7 c2 52. Rd7+ Kc3 53. Rc7+ Kb2 54. Rb7+ Kc3 55. Rc7+ 1/2-1/2

[Event "Mittelfranken-chTB1 1819"]
[Site "Mittelfranken"]
[Date "2019.02.10"]
[Round "5.8"]
[White "Schloetterer, Hermann"]
[Black "Zuehlke, Burkhard"]
[Result "1/2-1/2"]
[WhiteElo "1754"]
[BlackElo "1901"]
[PlyCount "93"]
[EventDate "2018.10.14"]
[EventType "team-tourn"]
[EventRounds "9"]
[EventCountry "GER"]
[SourceTitle "EXT 2022"]
[Source "ChessBase"]
[SourceDate "2021.10.06"]
[SourceVersion "1"]
[SourceVersionDate "2021.10.06"]
[SourceQuality "1"]
[WhiteTeam "Nuernberg Zabo Eintracht"]
[BlackTeam "Fuerth SG"]
[WhiteTeamCountry "GER"]
[BlackTeamCountry "GER"]

1. d4 Nf6 2. g3 g6 3. Bg2 Bg7 4. e4 d6 5. h3 Nbd7 6. Nc3 0-0 7. Be3 c5 8. Nge2 Rb8 9. a4 b6 10. 0-0 a6 11. g4 Qc7 12. Ng3 cxd4 13. Bxd4 Bb7 14. g5 Ne8 15. Nd5 Qd8 16. f4 e5 17. Bc3 exf4 18. Bxg7 Nxg7 19. Nxf4 Qxg5 20. Ra3 Ne5 21. Nd5 Nc4 22. Raf3 Nd2 23. Nf6+ Kh8 24. Nd7 Nxf3+ 25. Qxf3 Rbd8 26. Nxf8 Rxf8 27. Qb3 Ne6 28. Kh2 b5 29. axb5 axb5 30. Qb4 Qe5 31. h4 Kg8 32. c4 Bc6 33. cxb5 Bxb5 34. Rd1 Qc5 35. Qd2 Rd8 36. Qh6 Bc6 37. Rc1 Qb6 38. h5 Bb7 39. hxg6 fxg6 40. Nh5 Qd4 41. Rf1 Qe5+ 42. Ng3 Ng5 43. Rf5 Nf7 44. Rxe5 Nxh6 45. Re7 Bc6 46. Bh3 Be8 47. Rb7 1/2-1/2

[Event "Mittelfranken-chTB1 1819"]
[Site "Mittelfranken"]
[Date "2018.11.04"]
[Round "2.7"]
[White "Schloetterer, Hermann"]
[Black "Proeschel, Gerhard"]
[Result "1-0"]
[WhiteElo "1754"]
[BlackElo "1834"]
[PlyCount "65"]
[EventDate "2018.10.14"]
[EventType "team-tourn"]
[EventRounds "9"]
[EventCountry "GER"]
[SourceTitle "EXT 2022"]
[Source "ChessBase"]
[SourceDate "2021.10.06"]
[SourceVersion "1"]
[SourceVersionDate "2021.10.06"]
[SourceQuality "1"]
[WhiteTeam "Nuernberg Zabo Eintracht"]
[BlackTeam "Muehlhof/Schwabach"]
[WhiteTeamCountry "GER"]
[BlackTeamCountry "GER"]

1. d4 d5 2. g3 Nf6 3. Bg2 Nc6 4. Nf3 Bf5 5. c4 e6 6. Nc3 Nb4 7. 0-0 c6 8. Bg5 Be7 9. a3 Na6 10. Ne5 h6 11. Bf4 Bd6 12. Re1 0-0 13. e4 dxe4 14. Nxe4 Nxe4 15. Bxe4 Bxe5 16. Bxe5 Bxe4 17. Rxe4 f6 18. Bf4 Qd7 19. Qe2 g5 20. Bd2 Nc7 21. Bc3 Rae8 22. Qh5 Kg7 23. Rd1 Rd8 24. h4 e5 25. Rd2 exd4 26. hxg5 hxg5 27. Bxd4 Kg8 28. Bxf6 Rxf6 29. Rxd7 Rxd7 30. Qxg5+ Kf7 31. Qh5+ Kf8 32. Qh8+ Kf7 33. Qh7+ 1-0

[Event "Nuremberg Zabo op 20th"]
[Site "Nuremberg"]
[Date "2018.09.19"]
[Round "5"]
[White "Schloetterer, Hermann"]
[Black "Nuesslein, Christian"]
[Result "0-1"]
[WhiteElo "1730"]
[BlackElo "1535"]
[PlyCount "82"]
[EventDate "2018.09.15"]
[EventType "swiss"]
[EventRounds "5"]
[EventCountry "GER"]
[SourceTitle "EXT 2020"]
[Source "ChessBase"]
[SourceDate "2019.10.17"]
[SourceVersion "1"]
[SourceVersionDate "2019.10.17"]
[SourceQuality "1"]

1. d4 Nf6 2. g3 d6 3. Nf3 b6 4. Bg2 Bb7 5. 0-0 Nbd7 6. c4 e5 7. Nc3 Be7 8. h3 0-0 9. e3 c5 10. b3 exd4 11. exd4 cxd4 12. Nb5 a6 13. Nbxd4 g6 14. Bb2 Qc7 15. Rc1 Ne5 16. Re1 Rae8 17. Rc2 Nfd7 18. Bc1 Bf6 19. Bh6 Nxf3+ 20. Nxf3 Bg7 21. Bxg7 Kxg7 22. Rce2 Nf6 23. Qd4 Qc5 24. Qb2 Bc6 25. g4 Rxe2 26. Rxe2 Bxf3 27. Bxf3 Qg5 28. Bg2 Kg8 29. Qd4 h5 30. Qxd6 hxg4 31. Qg3 Qc1+ 32. Kh2 gxh3 33. Bxh3 Rd8 34. Qf3 Nh5 35. Qe3 Qxe3 36. fxe3 Re8 37. Bd7 Re7 38. Bc6 Nf4 39. Rf2 Nd3 40. Rf3 Ne5 41. Rf6 Ng4+ 0-1

[Event "Mittelfranken-chTB1 1718"]
[Site "Mittelfranken"]
[Date "2018.05.06"]
[Round "9.7"]
[White "Schloetterer, Hermann"]
[Black "Scherb, Ansgar"]
[Result "1/2-1/2"]
[WhiteElo "1676"]
[BlackElo "1730"]
[PlyCount "99"]
[EventDate "2017.10.08"]
[EventType "team-tourn"]
[EventRounds "9"]
[EventCountry "GER"]
[SourceTitle "EXT 2022"]
[Source "ChessBase"]
[SourceDate "2021.10.06"]
[SourceVersion "1"]
[SourceVersionDate "2021.10.06"]
[SourceQuality "1"]
[WhiteTeam "Nuernberg Zabo Eintracht"]
[BlackTeam "Lauf SV"]
[WhiteTeamCountry "GER"]
[BlackTeamCountry "GER"]

1. d4 Nf6 2. g3 e6 3. Bg2 d5 4. c4 b6 5. Nf3 Bb4+ 6. Bd2 Bxd2+ 7. Nfxd2 Bb7 8. Nc3 Nbd7 9. 0-0 0-0 10. e4 dxe4 11. Ndxe4 Nxe4 12. Nxe4 Ba6 13. b3 Qe7 14. Re1 Rad8 15. Qc2 c5 16. d5 exd5 17. Nc3 Qd6 18. Nxd5 Nf6 19. Ne7+ Kh8 20. Rad1 Qc7 21. Nf5 Bc8 22. Ne3 Be6 23. Nd5 Nxd5 24. Bxd5 Bxd5 25. cxd5 Rd6 26. Re5 Qd7 27. Qe4 f5 28. Qe2 a5 29. Re7 Qd8 30. Qe5 Rg8 31. Kg2 h6 32. h4 f4 33. g4 Rg6 34. f3 Qd6 35. Qe4 Rd8 36. Kh3 b5 37. Rf7 Rf6 38. Re7 c4 39. Re8+ Rxe8 40. Qxe8+ Rf8 41. Qxb5 cxb3 42. axb3 Rb8 43. Qd3 Rb4 44. Re1 Rb8 45. Re6 Qc5 46. d6 Qf2 47. Rxh6+ gxh6 48. Qc3+ Kg8 49. Qc4+ Kh8 50. Qc3+ 1/2-1/2

[Event "Mittelfranken-ch QT 67th"]
[Site "Nuremberg"]
[Date "2018.03.29"]
[Round "3"]
[White "Schloetterer, Hermann"]
[Black "Cordts, Elof"]
[Result "1-0"]
[WhiteElo "1792"]
[BlackElo "1662"]
[PlyCount "87"]
[EventDate "2018.03.28"]
[EventType "swiss"]
[EventRounds "7"]
[EventCountry "GER"]
[SourceTitle "EXT 2020"]
[Source "ChessBase"]
[SourceDate "2019.10.17"]
[SourceVersion "1"]
[SourceVersionDate "2019.10.17"]
[SourceQuality "1"]

1. d4 Nf6 2. g3 c5 3. Nf3 cxd4 4. Nxd4 Nc6 5. Bg2 g6 6. Nc3 Bg7 7. 0-0 0-0 8. e4 a6 9. Be3 Qc7 10. h3 d6 11. Qd2 Bd7 12. Rac1 Rac8 13. Nd5 Nxd5 14. exd5 Nxd4 15. Bxd4 Bxd4 16. Qxd4 Qc4 17. Qxc4 Rxc4 18. c3 Rfc8 19. Rfe1 Kf8 20. Re3 Re8 21. b3 Rc7 22. f4 b5 23. g4 Rec8 24. Kf2 f6 25. Kg3 Kf7 26. Bf3 Re8 27. Rce1 Bc8 28. h4 Bb7 29. f5 Bc8 30. fxg6+ hxg6 31. Be4 Rh8 32. Rh1 Kg7 33. h5 Bd7 34. Bxg6 Bc8 35. Rhe1 Kf8 36. Rd1 Rg8 37. Rf3 Kg7 38. Kf4 Rh8 39. Re3 a5 40. Rde1 Kf8 41. g5 f5 42. h6 Bb7 43. Re6 Bxd5 44. Rxd6 1-0

[Event "Mittelfranken-chTB1 1718"]
[Site "Mittelfranken"]
[Date "2018.02.18"]
[Round "5.6"]
[White "Volkovski, Reinhold"]
[Black "Schloetterer, Hermann"]
[Result "1/2-1/2"]
[WhiteElo "1802"]
[BlackElo "1676"]
[PlyCount "74"]
[EventDate "2017.10.08"]
[EventType "team-tourn"]
[EventRounds "9"]
[EventCountry "GER"]
[SourceTitle "EXT 2022"]
[Source "ChessBase"]
[SourceDate "2021.10.06"]
[SourceVersion "1"]
[SourceVersionDate "2021.10.06"]
[SourceQuality "1"]
[WhiteTeam "Nuernberg Noris Tarrasch III"]
[BlackTeam "Nuernberg Zabo Eintracht"]
[WhiteTeamCountry "GER"]
[BlackTeamCountry "GER"]

1. e4 Nf6 2. d3 d6 3. f4 e5 4. Nf3 Nc6 5. Be2 Be7 6. 0-0 0-0 7. Nc3 Bg4 8. h3 Bxf3 9. Bxf3 Nd4 10. Be3 Nd7 11. Kh2 c6 12. Bxd4 exd4 13. Ne2 Bf6 14. Ng3 g6 15. Qd2 Qc7 16. Rae1 Rae8 17. Re2 Bg7 18. Ref2 Bh6 19. Bd1 d5 20. Re1 dxe4 21. Rxe4 Rxe4 22. dxe4 c5 23. c4 Rd8 24. Be2 Nf8 25. Bd3 Ne6 26. Ne2 g5 27. g3 gxf4 28. Nxf4 Nxf4 29. gxf4 Kh8 30. Rf3 Rg8 31. Kh1 Qe7 32. Qf2 f6 33. Qh4 Qg7 34. Qf2 Qf7 35. Kh2 Qh5 36. Be2 Qg6 37. Bd3 Qh5 1/2-1/2

[Event "Mittelfranken-chTB1 1718"]
[Site "Mittelfranken"]
[Date "2017.10.29"]
[Round "2.6"]
[White "Schloetterer, Hermann"]
[Black "Sandner, Andreas"]
[Result "0-1"]
[WhiteElo "1676"]
[BlackElo "1848"]
[PlyCount "70"]
[EventDate "2017.10.08"]
[EventType "team-tourn"]
[EventRounds "9"]
[EventCountry "GER"]
[SourceTitle "EXT 2022"]
[Source "ChessBase"]
[SourceDate "2021.10.06"]
[SourceVersion "1"]
[SourceVersionDate "2021.10.06"]
[SourceQuality "1"]
[WhiteTeam "Nuernberg Zabo Eintracht"]
[BlackTeam "Bechhofen"]
[WhiteTeamCountry "GER"]
[BlackTeamCountry "GER"]

1. d4 Nf6 2. g3 c5 3. Bg2 cxd4 4. Qxd4 Nc6 5. Qd3 g6 6. Nf3 Bg7 7. 0-0 0-0 8. a3 d6 9. e4 a6 10. Nc3 Qc7 11. Be3 e6 12. h3 Rb8 13. Rad1 Rd8 14. Qe2 b5 15. Bg5 Bb7 16. Rfe1 h6 17. Bf4 Ne5 18. Nxe5 dxe5 19. Be3 Bf8 20. Qf3 Nh5 21. Ne2 Rxd1 22. Rxd1 Rd8 23. Rc1 f5 24. Nc3 f4 25. Qg4 Kf7 26. Re1 fxe3 27. Rxe3 Qe7 28. Rf3+ Kg7 29. h4 Nf6 30. Qh3 h5 31. Re3 Rd2 32. Bf3 Qf7 33. Bd1 Ng4 34. Rf3 Rxd1+ 35. Kg2 Rg1+ 0-1

[Event "Nuremberg Zabo op 19th"]
[Site "Nuremberg"]
[Date "2017.09.17"]
[Round "5"]
[White "Schloetterer, Hermann"]
[Black "Schmucker, Jonas"]
[Result "1-0"]
[WhiteElo "1769"]
[BlackElo "1484"]
[PlyCount "89"]
[EventDate "2017.09.15"]
[EventType "swiss"]
[EventRounds "5"]
[EventCountry "GER"]
[SourceTitle "EXT 2022"]
[Source "ChessBase"]
[SourceDate "2021.10.06"]
[SourceVersion "1"]
[SourceVersionDate "2021.10.06"]
[SourceQuality "1"]

1. d4 d5 2. g3 Bf5 3. Bg2 e6 4. c4 Nf6 5. Nf3 dxc4 6. Ne5 c6 7. Nxc4 Bxb1 8. Rxb1 Bb4+ 9. Kf1 0-0 10. Bf3 Nbd7 11. a3 Be7 12. b4 Nd5 13. Bb2 Qc7 14. Kg2 Rad8 15. Qc2 Bf6 16. Rhd1 e5 17. e4 N5b6 18. Na5 exd4 19. Bxd4 Bxd4 20. Rxd4 Ne5 21. Rbd1 Nxf3 22. Kxf3 Rxd4 23. Rxd4 Nd7 24. Kg2 b6 25. Qxc6 Qe5 26. Qxd7 bxa5 27. bxa5 Qxa5 28. Ra4 Rd8 29. Qxa7 Qg5 30. Qb7 h5 31. Ra8 h4 32. Rxd8+ Qxd8 33. Qd5 Qc8 34. Qd3 h3+ 35. Kf3 Qc1 36. Kg4 Qc8+ 37. Kh4 g5+ 38. Kxg5 Qc5+ 39. Kh4 Qxf2 40. Kxh3 Qa2 41. Qd8+ Kg7 42. Qe7 Kg8 43. e5 Qe2 44. Qg5+ Kh7 45. Qh4+ 1-0

[Event "Nuremberg Zabo op 19th"]
[Site "Nuremberg"]
[Date "2017.09.16"]
[Round "3"]
[White "Schloetterer, Hermann"]
[Black "Deysenroth, Patrick"]
[Result "1/2-1/2"]
[WhiteElo "1769"]
[BlackElo "1258"]
[PlyCount "115"]
[EventDate "2017.09.15"]
[EventType "swiss"]
[EventRounds "5"]
[EventCountry "GER"]
[SourceTitle "EXT 2022"]
[Source "ChessBase"]
[SourceDate "2021.10.06"]
[SourceVersion "1"]
[SourceVersionDate "2021.10.06"]
[SourceQuality "1"]

1. d4 d5 2. g3 Nf6 3. Bg2 e6 4. Nf3 Bd6 5. c4 0-0 6. 0-0 b6 7. Bg5 Nbd7 8. Nc3 Bb7 9. Nd2 h6 10. Bxf6 Nxf6 11. e4 Bb4 12. e5 Bxc3 13. bxc3 Nd7 14. Re1 Rc8 15. Qa4 Ra8 16. Rab1 c5 17. Rb2 Qc7 18. Reb1 Bc6 19. Qc2 Rac8 20. cxd5 Bxd5 21. Bxd5 exd5 22. Qf5 Rfe8 23. Nf3 Nf8 24. Qg4 Ne6 25. Nh4 cxd4 26. cxd4 Qc3 27. Nf5 Rc4 28. Nxh6+ Kf8 29. Nf5 g6 30. Nd6 Nxd4 31. Nxc4 dxc4 32. Qf4 Rxe5 33. Kg2 Rf5 34. Qe3 Qxe3 35. fxe3 c3 36. Rb4 Nc2 37. Re4 Na3 38. Rc1 Rc5 39. Kf2 b5 40. Rd4 a5 41. Ke2 b4 42. Kd3 Ke7 43. h4 f5 44. e4 Nb5 45. Rd5 fxe4+ 46. Kxe4 Nd6+ 47. Kd4 Rc4+ 48. Kd3 Rg4 49. Re1+ Kd7 50. Re3 a4 51. Ra5 Nc4 52. Ra7+ Kd6 53. Ree7 Nb2+ 54. Kc2 Rxg3 55. Rad7+ Kc6 56. Rc7+ Kd6 57. Rcd7+ Kc6 58. Rc7+ 1/2-1/2

[Event "Nuremberg Zabo op 19th"]
[Site "Nuremberg"]
[Date "2017.09.16"]
[Round "2"]
[White "Siegl, Melina"]
[Black "Schloetterer, Hermann"]
[Result "1-0"]
[WhiteElo "1988"]
[BlackElo "1769"]
[PlyCount "101"]
[EventDate "2017.09.15"]
[EventType "swiss"]
[EventRounds "5"]
[EventCountry "GER"]
[SourceTitle "EXT 2022"]
[Source "ChessBase"]
[SourceDate "2021.10.06"]
[SourceVersion "1"]
[SourceVersionDate "2021.10.06"]
[SourceQuality "1"]

1. e4 c5 2. Nf3 Nc6 3. d3 e6 4. g3 Nge7 5. Bg2 d6 6. c3 Ng6 7. Qe2 Be7 8. Nbd2 Bd7 9. h4 h6 10. Nh2 Qc7 11. h5 Nf8 12. f4 Nh7 13. Ng4 0-0-0 14. Nf3 Kb8 15. Ne3 Nf6 16. g4 Rdg8 17. Bd2 g6 18. hxg6 fxg6 19. 0-0-0 Nd4 20. cxd4 cxd4+ 21. Nc2 Rc8 22. Nfxd4 e5 23. Bc3 exd4 24. Nxd4 Bxg4 25. Bf3 h5 26. Kb1 Qb6 27. Nb3 Rhe8 28. Rc1 Be6 29. Nd4 Bf7 30. Qd2 Qa6 31. a3 Qb6 32. Ka1 Nd7 33. Bd1 Bf6 34. Ne2 d5 35. e5 Be7 36. b4 a6 37. Ba4 Red8 38. Bd4 Qe6 39. Qe3 Be8 40. Bb3 Ka8 41. Nc3 Nb8 42. Kb2 Bc6 43. Bb6 Rf8 44. Rhg1 Nd7 45. Bd4 Rf5 46. Nxd5 Bxd5 47. Rxc8+ Nb8 48. Bxd5 Qxc8 49. Rxg6 Qf8 50. Rg8 Qh6 51. Qe4 1-0

[Event "Mittelfranken-ch QT 66th"]
[Site "Uttenreuth"]
[Date "2017.04.15"]
[Round "7"]
[White "Diller, Andreas"]
[Black "Schloetterer, Hermann"]
[Result "1-0"]
[WhiteElo "1894"]
[BlackElo "1877"]
[PlyCount "77"]
[EventDate "2017.04.12"]
[EventType "swiss"]
[EventRounds "7"]
[EventCountry "GER"]
[SourceTitle "EXT 2020"]
[Source "ChessBase"]
[SourceDate "2019.10.17"]
[SourceVersion "1"]
[SourceVersionDate "2019.10.17"]
[SourceQuality "1"]

1. e4 c5 2. f4 d5 3. e5 Bf5 4. Nf3 e6 5. Bb5+ Nd7 6. d3 Ne7 7. c4 d4 8. Nh4 h6 9. Nxf5 Nxf5 10. 0-0 g6 11. Qf3 Qc7 12. g4 Ng7 13. Nd2 Be7 14. Ne4 0-0-0 15. Bxd7+ Qxd7 16. Nf6 Qc7 17. Qg3 h5 18. g5 Nf5 19. Qe1 Bxf6 20. exf6 h4 21. h3 Qc6 22. Kh2 Ng3 23. Rf2 Rhe8 24. Bd2 Qc7 25. Qe5 Nf5 26. a3 Rd7 27. b4 b6 28. b5 a6 29. a4 Qxe5 30. fxe5 Ra7 31. Rff1 Kc7 32. a5 Rea8 33. axb6+ Kxb6 34. Ba5+ Kb7 35. b6 Ng3 36. Rfb1 Kc6 37. bxa7 Rxa7 38. Rb6+ Kd7 39. Rab1 1-0

[Event "Mittelfranken-ch QT 66th"]
[Site "Uttenreuth"]
[Date "2017.04.14"]
[Round "6"]
[White "Schloetterer, Hermann"]
[Black "Petrashov, Alexander"]
[Result "0-1"]
[WhiteElo "1877"]
[BlackElo "1899"]
[PlyCount "112"]
[EventDate "2017.04.12"]
[EventType "swiss"]
[EventRounds "7"]
[EventCountry "GER"]
[SourceTitle "EXT 2020"]
[Source "ChessBase"]
[SourceDate "2019.10.17"]
[SourceVersion "1"]
[SourceVersionDate "2019.10.17"]
[SourceQuality "1"]

1. d4 e6 2. g3 d5 3. Bg2 c6 4. Nf3 Nf6 5. 0-0 Nbd7 6. c4 Bd6 7. Nc3 0-0 8. Bg5 h6 9. Bxf6 Nxf6 10. Nd2 Bc7 11. e4 dxe4 12. Ndxe4 Nxe4 13. Nxe4 Bb6 14. c5 Bc7 15. f4 Qe7 16. Qe2 Rd8 17. Rfd1 a5 18. Rac1 b6 19. Nd6 Bxd6 20. cxd6 Rxd6 21. Rxc6 Rxc6 22. Bxc6 Bb7 23. Qe4 Bxc6 24. Qxc6 Qd8 25. Qe4 Rc8 26. Rd2 Qd6 27. a3 b5 28. Qe5 Qc6 29. Kf2 Qh1 30. Ke3 Qf1 31. Rf2 Qc4 32. Qe4 b4 33. axb4 Qxb4 34. Qd3 a4 35. Rc2 Rb8 36. Qe2 Qb3+ 37. Qd3 Qd5 38. Kf2 Qh1 39. Ke3 g6 40. Qe2 Rb3+ 41. Kd2 Qd5 42. Qe5 Qg2+ 43. Qe2 Qb7 44. Kc1 a3 45. bxa3 Rxa3 46. Qf2 Qb4 47. Kd1 Ra1+ 48. Ke2 Qb1 49. Kd3 Qd1+ 50. Kc4 Ra4+ 51. Kc3 Ra3+ 52. Kc4 Qd3+ 53. Kc5 Ra5+ 54. Kd6 Qa6+ 55. Ke7 Qb7+ 56. Kf6 Rf5# 0-1

[Event "Mittelfranken-chTB1 1617"]
[Site "Mittelfranken"]
[Date "2017.01.22"]
[Round "5.7"]
[White "Volkovski, Reinhold"]
[Black "Schloetterer, Hermann"]
[Result "1/2-1/2"]
[WhiteElo "1815"]
[BlackElo "1774"]
[PlyCount "91"]
[EventDate "2016.10.23"]
[EventType "team-tourn"]
[EventRounds "9"]
[EventCountry "GER"]
[SourceTitle "EXT 2022"]
[Source "ChessBase"]
[SourceDate "2021.10.06"]
[SourceVersion "1"]
[SourceVersionDate "2021.10.06"]
[SourceQuality "1"]
[WhiteTeam "Nuernberg Noris Tarrasch III"]
[BlackTeam "Nuernberg Zabo Eintracht"]
[WhiteTeamCountry "GER"]
[BlackTeamCountry "GER"]

1. e4 c5 2. c3 d5 3. d3 Nc6 4. Qc2 Nf6 5. Nf3 e5 6. Be2 Be7 7. 0-0 0-0 8. Re1 Bg4 9. Nbd2 Rc8 10. Nf1 d4 11. c4 h6 12. Ng3 Nh7 13. h3 Be6 14. Bf1 Qd7 15. Bd2 Kh8 16. Rab1 Rg8 17. a3 g5 18. Nh2 Nf8 19. Be2 Ng6 20. Bg4 Nf4 21. Bxe6 fxe6 22. Rbd1 Rcf8 23. Bc1 Bd8 24. Rf1 Qf7 25. Kh1 Ne7 26. Ne2 Neg6 27. Nxf4 gxf4 28. Nf3 Qf6 29. Qe2 Nh4 30. Nxh4 Qxh4 31. f3 Rg5 32. Rg1 Rfg8 33. Rdf1 Rh5 34. Bd2 Rg3 35. Rf2 Qg5 36. Qf1 Qg6 37. Re2 Qg7 38. Rf2 Bh4 39. Re2 Rg6 40. Be1 Bg3 41. Bxg3 fxg3 42. Qd1 Rh4 43. Qd2 Rg5 44. Qe1 Rgh5 45. Qf1 Qg5 46. b3 1/2-1/2

[Event "Pyramiden Franken Cup"]
[Site "Fuerth"]
[Date "2016.09.04"]
[Round "6"]
[White "Lodes, Hermann"]
[Black "Schloetterer, Hermann"]
[Result "1-0"]
[WhiteElo "2169"]
[BlackElo "1843"]
[PlyCount "73"]
[EventDate "2016.09.01"]
[EventType "swiss"]
[EventRounds "7"]
[EventCountry "GER"]
[SourceTitle "CBM 174 Extra"]
[Source "ChessBase"]
[SourceDate "2016.10.10"]
[SourceVersion "1"]
[SourceVersionDate "2016.10.10"]
[SourceQuality "1"]

1. c4 Nf6 2. g3 c5 3. Bg2 g6 4. Nc3 Bg7 5. Nf3 Nc6 6. d4 cxd4 7. Nxd4 0-0 8. 0-0 e5 9. Ndb5 a6 10. Nd6 Qb6 11. Na4 Qc7 12. Be3 Nd4 13. c5 Ng4 14. Bxd4 exd4 15. Nb6 Rb8 16. Rc1 Ne5 17. Qb3 Bh6 18. Rc2 Kg7 19. Qa4 Nc6 20. Ndxc8 Rbxc8 21. Nxc8 d3 22. exd3 Rxc8 23. Re1 Bg5 24. Bxc6 dxc6 25. Rce2 Rd8 26. Qc2 Bf6 27. Re4 Rd5 28. b4 Qd7 29. R1e3 Rf5 30. Qe2 Qd5 31. a3 h5 32. Rf3 Rg5 33. Rxf6 Kxf6 34. Qb2+ Kf5 35. Rf4+ Ke6 36. Qf6+ Kd7 37. Rd4 1-0